000 00719nam a2200253 a 4500
999 _c2988
_d2988
001 016535389
003 UkOxU
005 20230914105757.0
008 060718r20061973enk 000 d eng
015 _aGBA664249
_2bnb
020 _a0141188901 (pbk.)
020 _a9780141188904
035 _a(Uk)013516798
040 _aStDuBDS
_beng
_cStDuBDS
_dKH8
082 0 4 _a822.914 SHA
_222
100 1 _aShaffer, Peter,
_d1926-2016,
_eauthor.
245 1 0 _aEquus /
_cPeter Shaffer.
260 _aLondon :
_bPenguin,
_c2006.
300 _a108 p. ;
_c20 cm.
500 _aOriginally published: London : Deutsch, 1973.
650 0 _aDangerously mentally ill
_vDrama.
830 0 _aPenguin modern classics.
942 _2ddc
_cTR